000 00319nam a2200109Ia 4500
008 171211s9999 xx 000 0 und d
245 _aMusical Symbolism in the Operas of Debussy and Bartók
245 _cElliott Antokoletz
260 _c2004
650 _xmusic
856 _uhttp://down.ebook777.com/060/0195103831.pdf
999 _c348683
_d348683